• 首页
  • 本馆介绍
  • 公告通知
  • 最新文献
  • 馆藏检索
  • 电子资源
  • 读者荐购
  • 参考咨询
  • CALIS
  • 我的图书馆
  • 登录
  • 详细信息显示
  • 放入我的书架
  • 预约/预借图书
  • 作者相关作品
  • 分类相关作品
  • 丛书相关作品
  • 出版社相关作品

书目信息

  • 表格格式
  • 工作单格式
  • 卡片格式
题名:
岩石破碎理论与技术
    
 
作者: 王少锋 编著
分册:  
出版信息: 长沙   中南大学出版社  2024.10
页数: 417页
开本: 26cm
丛书名:
单 册:
中图分类: TD231.1
科图分类:
主题词: 岩石破裂--yan shi po lie--高等教育--教材
电子资源:
ISBN: 978-7-5487-5878-5
 
 
 
 
 
000 01255nam0 2200289 450
001 91899
005 20250817153241.90
010    @a978-7-5487-5878-5@dCNY72.00
100    @a20250124d2024 em y0chiy50 ea
101 0  @achi
102    @aCN@b430000
105    @aak a 000yy
106    @ar
200 1  @a岩石破碎理论与技术@Ayan shi po sui li lun yu ji shu@f王少锋编著
210    @a长沙@c中南大学出版社@d2024.10
215    @a417页@c图@d26cm
300    @a有色金属行业教材建设项目
312    @a英文题名取自封面
320    @a有书目
330    @a本书总结了目前高等院校讲授“岩石破碎学”所使用的各类形式的教材及讲义, 同时还归纳总结了其他国内外学者在岩石破碎领域范围内所取得的研究成果, 并将前沿的岩石破碎技术进行归纳与总结。本书包含岩石的力学性质、岩石破碎机理、破碎过程中的力学响应等内容。本书的主要目标是帮助读者深入了解岩石破碎理论、机理及技术成果, 认识、了解常用的破碎技术和设备。同时本书对破碎岩石的新方法、新工艺进行总结并完善。
333    @a普通高等教育新工科人才培养采矿工程专业精品教材
510 1  @aRock breakage theory and technology@zeng
606 0  @a岩石破裂@Ayan shi po lie@x高等教育@j教材
690    @aTD231.1@v5
701  0 @a王少锋@Awang shao feng@4编著
801  0 @aCN@c20250909
905    @a河南城建学院图书馆@dTD231.1@eW330@f1
    
    岩石破碎理论与技术/王少锋编著.-长沙:中南大学出版社,2024.10
    417页:图;26cm
    有色金属行业教材建设项目.-使用对象:普通高等教育新工科人才培养采矿工程专业精品教材
    
    ISBN 978-7-5487-5878-5:CNY72.00
    本书总结了目前高等院校讲授“岩石破碎学”所使用的各类形式的教材及讲义, 同时还归纳总结了其他国内外学者在岩石破碎领域范围内所取得的研究成果, 并将前沿的岩石破碎技术进行归纳与总结。本书包含岩石的力学性质、岩石破碎机理、破碎过程中的力学响应等内容。本书的主要目标是帮助读者深入了解岩石破碎理论、机理及技术成果, 认识、了解常用的破碎技术和设备。同时本书对破碎岩石的新方法、新工艺进行总结并完善。
●
相关链接 在E读中查询图书 在当当中查询图书 在豆瓣中查询图书


正题名:岩石破碎理论与技术     索取号:TD231.1/W330         预约/预借

序号 登录号 条形码 馆藏地/架位号 状态 备注
1 1625863   216258635   自科库501/501自科库 20排4列4层/ [索取号:TD231.1/W330] 在馆    
河南城建学院图书馆 欢迎您!
大连网信软件有限公司© 版权所有